000 00703cam a22002293a 4500
001 28199
003 PGUSA
005 20140828083617.0
008 090226s2009||||xxu|||||s|||||000 | eng d
040 _aPGUSA
_beng
042 _adc
050 4 _aDC
100 1 _aAbbott, John S. C.
_q(John Stevens Cabot),
_d1805-1877
245 1 0 _aLouis Philippe :
_bMakers of History Series
_h[electronic resource] /
_cJohn S. C. Abbott
260 _bProject Gutenberg,
_c2009
506 _aPublic domain in the USA.
516 _aElectronic text
653 _aLouis Philippe, King of the French, 1773-1850
830 0 _aProject Gutenberg
_v28199
856 4 0 _uhttp://www.gutenberg.org/ebooks/28199
942 _cEB
999 _c257454
_d257454